Quizzes
Events
Quiz Creation
Community
Videos
Private Events
Remove Ads
Sign In
Join for FREE
Feedback
Dark Mode
Quiz Categories
Sports
Geography
Music
Movies
Television
Just For Fun
Miscellaneous
History
Literature
Language
Science
Gaming
Entertainment
Religion
Holiday
For Kids
Quiz Lab
Recent
Popular Today
Quiz Kudos Today
Editor Picks
Curator Picks
Quizzes by...
Day
Popularity
Type
Ratings
Length
Year
Community
Subscriptions
Recent Discussions
Orange Saloon
Badges
Playlists
Quests
Create
Leaderboards
Showdown
Live 5
Trivia Bingo
Activity
Puzzle Library
Sporcle Events
Private Events
Virtual Trivia
Globe League
Become a Host
Pub Owners
SporcleCon
Opinionation
Our Games
Videos
Blog
Mobile Apps
Partnerships
Remove Ads and Go Orange
Feedback
Entertainment
Celebrity
Famous
Musical
Broadway
Show
Quote
Comic Books
Anime
Superhero
DC Comics
Marvel
Cartoons
Animation
Entertainment
Celebrity
Famous
Musical
Broadway
Show
Quote
Comic Books
Anime
Superhero
DC Comics
Marvel
Cartoons
Animation
Random Quiz
Search Sporcle
×
Quiz Lab
Quiz Lab
Entertainment
Actress
Type in answers that appear in a list
Type in answers that appear in a list
Classic
Best Score? Go Orange.
Emmy Nominees for Lead Actress - 2014 Stats
Can you name the 2014 Emmy Nominees for Lead Actress?
By
sarahm26
7m
12 Questions
152 Plays
152 Plays
152 Plays
Comments
Comments
Give Quiz Kudos
Give Quiz Kudos
-
- Ratings
hide this ad
Replay
Link that replays current quiz
Next Quiz
Link to next quiz in quiz playlist
You Got
0%
They Got
Avg Score
79%
Avg Friend Score
Upgrade to see
Score Distribution
Jump to the score distribution portion of the page
Score
0/12
Timer
07:00
0
Plays Today
Category/Show
Nominee
% Correct
Comedy/
Veep
Julia Louis-Dreyfus
94.1%
Comedy/
Parks and Recreation
Amy Poehler
94.1%
Comedy/
Mike & Molly
Melissa McCarthy
91.4%
Drama/
Homeland
Claire Danes
86.8%
Comedy/
Girls
Lena Dunham
86.2%
Comedy/
Nurse Jackie
Edie Falco
86.2%
Drama/
House of Cards
Robin Wright
86.2%
Drama/
Scandal
Kerry Washington
85.5%
Drama/
The Good Wife
Julianna Margulies
67.8%
Comedy/
Orange is the New Black
Taylor Schilling
62.5%
Drama/
Masters of Sex
Lizzy Caplan
59.9%
Drama/
Downton Abbey
Michelle Dockery
55.3%
Quiz Playlist
Details
Report
Send in Message
Add To Playlist
Classic:
Type in answers that appear in a list
Last Updated: Feb 16, 2017
Quiz Scoreboard
CHALLENGE
Sign Up to Join the Scoreboard
Show All
Scores
Hide
Comments
May contain spoilers
Recently Published
1-10 Letter E Words III
by El_Dandy
Language
2m
One Thing in Common: World Cities II
by knightlancer
Geography
7m
Popular People in 1961
by mucciniale
History
6m
More to Explore
Quiz From the Vault
Featured Blog Post
Where Did the Easter Bunny Come From?
hide this ad
You Might Also Like...
Tags
Actress Quiz
Actress Comedy
Actress Nominees
Emmy
Today's Top Quizzes in Entertainment
Browse Entertainment
hide this ad
Today's Top Quizzes in Actress
Browse Actress
Top Contributed Quizzes in Entertainment
1
Kamen Rider Motifs
2
Dragon Ball Z: Goku's Fights in Order
3
Dragon Ball Z: Mega Character Search
4
One Piece Arcs By Order III
5
Survivor Winners Logic Quiz
6
Undead Unluck Minefield
7
Who Wants to Be a Millionaire: Anime Edition
8
Naruto Arcs in order
9
Demon Slayer 11-1
10
Criteria Quickie: Cartoon Taxonomy II
Explore More
Trending Topics
Crossword
Harry Potter
Kpop
NBA
Disney
Marvel
Anime
Puzzle
Soccer
NFL
Song
Country
The Office
Pokémon
WWE
hide this ad
More By:
sarahm26
Quiz
Plays
Rating
Category
Featured
Created
Brain Parts and Functions
2,975
3.00
Science
Feb 28, 2016
Finish the BoJack Horseman Quote
2,197
4.71
Television
Apr 4, 2017
Finish the Coldplay Lyric
757
4.80
Music
Jul 9, 2014
Neurodegenerative Diseases
615
5.00
Science
May 7, 2016
Name the It's Always Sunny in Philadelphia Characters
389
4.75
Television
Feb 28, 2016
Go to Creator's Profile
Score Distribution
Quiz Creator Spotlight
sarahm26
Follow
Send a Message
Quizzes Created
-
Created Quiz Play Count
-
More By This Creator
Popular Quizzes Today
1
Find the US States - No Outlines Minefield
2
Find the Countries of Europe - No Outlines Minefield
3
The Countries of the World
4
Popular People in 1961
5
1-10 Letter E Words III
6
Find the US States
7
One Thing in Common: World Cities II
8
US States
More Entertainment Quizzes
YouTube Most Subscribed
Quiz Lab
Trending Quizzes
Risky Map Clicking: Least Populous States A-Z
1-10 Letter F Words
1-10 Letter G Words
One Thing in Common: United Kingdom
Risky Map Clicking: Biggest States A-Z
Recently Updated
Leaping Animals
pecheneg
Reality TV Shows (A-Z)
bhenderson79
Rickey Henderson's Hall of Fame Teammates
pecheneg
Champions League XIs: Arsenal
pecheneg
Quick Pick: Celebrities in WWE's Hall of Fame
aduchscher
A-Z Keypad Blitz II
pecheneg
Multiple Oscar Actors
pecheneg
Mystery Phrase Blitz: Oscar 'Best Actors'
pecheneg
F. Scott Fitzgerald Novels
LTH
Pick 3 Villains
ddd62291
Trending Topics
Crossword
Disney
Marvel
Anime
Kpop
Harry Potter
NBA
NFL
WWE
Pokémon
Country
The Office
Song
Soccer
Puzzle
Your Account Isn't Verified!
In order to create a playlist on Sporcle, you need to verify the email address you used during registration. Go to your
Sporcle Settings
to finish the process.
Report this User
Report this user for behavior that violates our
Community Guidelines
.
Details:
Send Report
Go to the Sporcle.com Mobile Site →
Comments